[Event "Drammen CC-ch Class1"]
[Site "Drammen"]
[Date "2012.01.17"]
[Round "1"]
[White "Pettersen, Erling"]
[Black "Emgard, Runar"]
[Result "1/2-1/2"]
[WhiteElo "1339"]
[BlackElo "1421"]
[PlyCount "87"]
[EventDate "2012.01.17"]
[EventType "swiss"]
[EventRounds "9"]
[EventCountry "NOR"]
[SourceTitle "EXT 2024"]
[Source "ChessBase"]
[SourceDate "2023.10.10"]
[SourceVersion "1"]
[SourceVersionDate "2023.10.10"]
[SourceQuality "1"]

1. e4 e6 2. d4 d5 3. e5 c5 4. Be3 Nc6 5. Nf3 cxd4 6. Bxd4 Nxd4 7. Qxd4 Ne7 8. Bb5+ Bd7 9. Bxd7+ Qxd7 10. 0-0 Nf5 11. Qf4 Rc8 12. c3 Bc5 13. Nbd2 d4 14. c4 0-0 15. Ne4 b6 16. a3 a5 17. b3 Qe7 18. a4 Qc7 19. Rad1 f6 20. Rd3 fxe5 21. Qxe5 Qe7 22. Re1 h6 23. g4 Ne3 24. Qg3 Nc2 25. Rc1 Nb4 26. Rd2 Qb7 27. Re1 Qf7 28. Kg2 Nc6 29. g5 Bb4 30. Rd3 Bxe1 31. Nxe1 Qg6 32. f3 e5 33. Nc2 hxg5 34. Qxg5 Qxg5+ 35. Nxg5 Rf5 36. h4 Nb4 37. Nxb4 axb4 38. Kg3 Re8 39. Ne4 Ref8 40. Ng5 R8f6 41. Ne4 Rg6+ 42. Ng5 Rf4 43. Rd1 Rf5 44. Kg4 1/2-1/2

[Event "NOR-chB"]
[Site "Moss"]
[Date "2006.07.15"]
[Round "9"]
[White "Pettersen, Erling"]
[Black "Olsen, Svein"]
[Result "0-1"]
[WhiteElo "1337"]
[BlackElo "1485"]
[PlyCount "75"]
[EventDate "2006.07.08"]
[EventType "swiss"]
[EventRounds "9"]
[EventCountry "NOR"]
[SourceTitle "EXT 2007"]
[Source "ChessBase"]
[SourceDate "2006.11.23"]
[SourceVersion "1"]
[SourceVersionDate "2006.11.23"]
[SourceQuality "1"]

1. e4 c5 2. Nf3 d6 3. Bc4 Nf6 4. d3 g6 5. 0-0 Bg7 6. c3 0-0 7. h3 a6 8. a4 Nc6 9. Ba2 e6 10. Nbd2 b5 11. Rb1 Qa5 12. Bb3 Bd7 13. Re1 Ne8 14. Nf1 Nc7 15. Bf4 e5 16. Bd2 Be6 17. Bc2 Qb6 18. Qc1 b4 19. Bh6 bxc3 20. bxc3 Qa5 21. Ng3 Rab8 22. Nf5 Bxf5 23. exf5 Rxb1 24. Bxb1 Ne8 25. g4 Nf6 26. Bxg7 Kxg7 27. Qc2 Qd8 28. Re3 Nd5 29. Re1 Nf4 30. Kh2 Qf6 31. Qb3 Rb8 32. Qc4 Rb2 33. Rf1 Rb6 34. Re1 g5 35. Ba2 Nd8 36. Qe4 Rb2 37. Rf1 Rxa2 38. Qc4 0-1